| 000 | 00804cam a22002771 4500 | ||
|---|---|---|---|
| 001 | 2781 | ||
| 003 | BD-RjUL | ||
| 005 | 20211208233622.0 | ||
| 008 | 131217s1948 enk 001 0 eng | ||
| 035 | _a(BD-RjUL)2808 | ||
| 035 | _a(OCoLC)7009335 | ||
| 040 |
_aDLC _cFTS _dDLC _beng |
||
| 041 | _aeng | ||
| 082 |
_a338.01 _216 _bCLA 1948 |
||
| 100 | 1 |
_aClark, John Maurice, _d1884-1963. _98918 |
|
| 245 | 1 | 0 |
_aAlternative to serfdom / _cJohn Maurice,Clark John Maurice, |
| 260 |
_aOxford : _bB. Blackwell, _c1948. |
||
| 300 |
_axii, 153, vi p. _c23 cm. |
||
| 410 | 2 | 0 |
_aWilliam W. Cook Foundation. _tLectures _v[3] |
| 500 | _aFive lectures delivered in Mar. 1947. | ||
| 526 | _bEconomics | ||
| 650 | 0 |
_aEconomic policy. _98919 |
|
| 942 |
_2ddc _cBK |
||
| 999 |
_c2781 _d2781 |
||